00664 2200253 4500001002100000005001500021035002500036090002100061245007100082250001100153260003300164300002300197007000300220008004100223082001000264084001600274100001200290650002200302700001100324850001200335999002100347990002100368990002100389YOGYA00000000004077120250620011918 a0010-081400000040489 aCB-D.11 2006-934 aKesusastraan Arab : pengantar teori dan terapan /cMuzzaki, Akhmad acet.1. aYogyakarta :bAr-Ruzz,c2006 a155 hlm. ;c21 cm.ta130828s2006 yoi g ind d a892.7 a892.7 MUZ k aMuzzaki aKesusastraan Arab aAkhmad aYOPDYOG aCB-D.11/2006-934 aCB-D.11/2006-934 aCB-D.11/2006-934